000 00280nam a22001217a 4500
008 170301b xxu||||| |||| 00| 0 alb d
041 _aalb
080 _a616.8-006
100 _a6
101 _aSHM
245 _aPATOLOGJIA E PERGJITHSHME E TUMOREVE
_cMALOKU, H.E
942 _2udc
_cBK
999 _c6463
_d6463